Jardín y huerto biológicos; manual práctico para el cultivo biológico de hortalizas, frutas y flores marie luise kreuter,

Guardado en:
Autor Principal: Kreuter, Marie Luise
Formato: Libro
Publicado: Madrid : Mundi Prensa, 1994
Materias:
Etiquetas: Agregar Etiqueta
Sin Etiquetas, Sea el primero en etiquetar este registro!
LEADER 00826nam a22002295a 4500
001 CEM.cems016757
005 20110928140152.0
008 130507s1994##################000#0#####d
003 CEMS
020 |a 8471144670 
082 0 4 |a 635.9 
100 1 |a Kreuter, Marie Luise 
245 1 0 |a Jardín y huerto biológicos; manual práctico para el cultivo biológico de hortalizas, frutas y flores marie luise kreuter, 
260 |a Madrid :  |b Mundi Prensa,  |c 1994 
300 |a 319 p. 
505 0 |a Las bases -- La práctica -- Diferentes métodos biológicos -- El jardín comestible --El jardín ornamental -- El jardín afín a la naturaleza 
653 |a Huerta 
653 |a Jardín 
653 |a Floricultura 
653 |a Planta ornamentales 
653 |a Césped 
859 |a CEMS  |b BIB. CEMS - Agricultura  |h 635.9  |i K887  |p A18754.95  |t Ej.1